Jours de la semaine en 15 secondes - Statistiques

Statistiques générales
  • Ce quiz a été pris 3 748 fois
  • Le résultat moyen est 6 sur 7
Statistiques - réponses
Jour % Correct
Lundi
100%
Mardi
97%
Mercredi
91%
Jeudi
88%
Vendredi
84%
Samedi
80%
Dimanche
70%
Aucun quiz correspondant
Distribution des résultats
% des personnes avec chaque résultat
Percentile par nombre de réponses
Votre historique - résultats
Vous n’avez pas pris ce quiz